ბათუმის შოთა რუსთაველის სახელმწიფო უნივერსიტეტის ბიბლიოთეკა

The Library Marketing Toolkit. (ბიბ.ჩანაწერი № 44319)

000 -LEADER
fixed length control field 00659nam a2200241Ia 4500
001 - CONTROL NUMBER
control field 11077
003 - CONTROL NUMBER IDENTIFIER
control field GE_BSU
008 - FIXED-LENGTH DATA ELEMENTS--GENERAL INFORMATION
fixed length control field 181216s||||||||xx |||||||||||||| ||und||
020 ## - INTERNATIONAL STANDARD BOOK NUMBER
International Standard Book Number 9781856048064
040 ## - CATALOGING SOURCE
Transcribing agency GE_BSU
080 ## - UNIVERSAL DECIMAL CLASSIFICATION NUMBER
Universal Decimal Classification number 02+658
100 ## - MAIN ENTRY--PERSONAL NAME
Personal name Potter, Ned.
245 #4 - TITLE STATEMENT
Title The Library Marketing Toolkit.
260 ## - PUBLICATION, DISTRIBUTION, ETC.
Place of publication, distribution, etc. London.
260 ## - PUBLICATION, DISTRIBUTION, ETC.
Name of publisher, distributor, etc. Facet Publishing.
260 ## - PUBLICATION, DISTRIBUTION, ETC.
Date of publication, distribution, etc. 2012.
300 ## - PHYSICAL DESCRIPTION
Extent 218p;ill;24cm.
520 ## - SUMMARY, ETC.
Summary, etc. შემოსულია ტემპუსის პროექტით.
653 ## - INDEX TERM--UNCONTROLLED
Uncontrolled term The Library Marketing Toolkit.
653 ## - INDEX TERM--UNCONTROLLED
Uncontrolled term ტემპუსის პროექტით
942 ## - ADDED ENTRY ELEMENTS (KOHA)
Koha item type წიგნი
ეგზემპლარები
Withdrawn status Lost status Damaged status Not for loan Date acquired Barcode Date last seen Price effective from Koha item type
        2018-12-17 35448 2018-12-17 2018-12-17 წიგნი